Вып. 103; Проблемы металлургического производства

Dades bibliogràfiques
Parent link:Проблемы металлургического производства: республиканский межведомственный научно-технический сборник/ Днепропетровский металлургический институт (ДМетИ). Вып. 103.— , 1965-
Altres autors: Таран Ю. Н. (редактор)
Idioma:rus
Publicat: 1990
Matèries:
Format: MixedMaterials Llibre
KOHA link:https://koha.lib.tpu.ru/cgi-bin/koha/opac-detail.pl?biblionumber=197199

MARC

LEADER 00000nam2a2200000 4500
001 197199
005 20231031183338.0
020 |a RU  |b 90-52108ж 
035 |a (RuTPU)RU\TPU\book\215102 
090 |a 197199 
100 |a 20110606d1990 k y0rusy5003 ca 
101 0 |a rus 
102 |a UA 
105 |a a z 001zy 
200 0 |a Вып. 103 
210 |d 1990 
215 |d 20 см  |e (ил.)  |a 110 с. 
320 |a Библиогр. в конце ст. 
461 1 |0 (RuTPU)RU\TPU\book\163652  |t Проблемы металлургического производства  |o республиканский межведомственный научно-технический сборник  |f Днепропетровский металлургический институт (ДМетИ)  |v Вып. 103  |d 1965-  
610 1 |a металлургия 
610 1 |a сортовая прокатка 
610 1 |a кузнечно-штамповочное производство 
610 1 |a деформируемые материалы 
610 1 |a прокатное оборудование 
675 |a 669.02/.09  |z rus  |v 3 
702 1 |a Таран  |b Ю. Н.  |4 340 
801 0 |a RU  |b RuMRKP  |c 19950417  |g psbo 
801 1 |a RU  |b 63413507  |c 20110606 
801 2 |a RU  |b 63413507  |c 20110623  |g RCR 
942 |c BK